[Event "Wch Blitz (Women)"]
[Site "Doha"]
[Date "2016.12.30"]
[Round "16"]
[White "Kosteniuk, Alexandra"]
[Black "Dzagnidze, Nana"]
[Result "1-0"]
[WhiteElo "2555"]
[BlackElo "2520"]
[PlyCount "153"]
[EventDate "2016.12.29"]
[EventType "swiss (blitz)"]
[EventRounds "17"]
[EventCountry "QAT"]
[SourceTitle "CBM 176 Extra"]
[Source "ChessBase"]
[SourceDate "2017.03.02"]
[SourceVersion "1"]
[SourceVersionDate "2017.03.02"]
[SourceQuality "1"]

1. e4 e6 2. d4 d5 3. Nc3 Bb4 4. e5 c5 5. a3 Bxc3+ 6. bxc3 Qa5 7. Bd2 Qa4 8. h4
Ne7 9. h5 h6 10. Qg4 Kf8 11. Nf3 Qxc2 12. dxc5 Nbc6 13. Nd4 Qe4+ 14. Qxe4 dxe4
15. Nxc6 Nxc6 16. Bf4 Ke7 17. O-O-O b6 18. Rd6 Bb7 19. Bb5 Rhc8 20. Rhd1 Rc7
21. cxb6 axb6 22. Kb2 Rac8 23. a4 Nb8 24. Rxb6 Bd5 25. Rc1 Nd7 26. Bxd7 Rxd7
27. Be3 Rc4 28. Ra1 Rdc7 29. Bd4 Kd7 30. a5 R7c6 31. a6 Rxb6+ 32. Bxb6 Kc8 33.
Bd4 Kb8 34. a7+ Ka8 35. Ra5 Rc7 36. Kc2 g6 37. hxg6 fxg6 38. Ra6 Rc6 39. Ra1 h5
40. Kd2 Rc8 41. Ke3 Rc7 42. Rh1 Rf7 43. Rh3 Rg7 44. g4 Rh7 45. gxh5 gxh5 46.
Kf4 Kb7 47. Kg5 Kc8 48. Kg6 Rh8 49. Kg7 Rd8 50. Rxh5 Kb7 51. Kf6 Ka8 52. Ke7
Rc8 53. Kd7 Rg8 54. Rh6 Rg7+ 55. Kd6 Rg8 56. Rh7 Rd8+ 57. Kc5 Rf8 58. Rd7 Rc8+
59. Kd6 Rh8 60. Rc7 Rg8 61. c4 Bb7 62. Kxe6 Rd8 63. Be3 Re8+ 64. Kf6 Bc8 65.
Re7 Rf8+ 66. Rf7 Re8 67. Bf4 Re6+ 68. Kg7 Rc6 69. Be3 Rxc4 70. Rf8 Rc7+ 71. Kf6
Rc6+ 72. Kg5 Kb7 73. Kf4 Ra6 74. Kxe4 Kc7 75. Kf4 Ra4+ 76. Kg5 Ra6 77. f4 1-0

[Event "Wch Blitz (Women)"]
[Site "Doha"]
[Date "2016.12.30"]
[Round "17"]
[White "Charochkina, Daria"]
[Black "Kosteniuk, Alexandra"]
[Result "1-0"]
[WhiteElo "2383"]
[BlackElo "2555"]
[PlyCount "143"]
[EventDate "2016.12.29"]
[EventType "swiss (blitz)"]
[EventRounds "17"]
[EventCountry "QAT"]
[SourceTitle "CBM 176 Extra"]
[Source "ChessBase"]
[SourceDate "2017.03.02"]
[SourceVersion "1"]
[SourceVersionDate "2017.03.02"]
[SourceQuality "1"]

1. d4 Nf6 2. Bf4 e6 3. Nf3 c5 4. c3 b6 5. e3 Bb7 6. h3 Be7 7. Bd3 O-O 8. O-O d5
9. Nbd2 Ne4 10. Re1 Nd7 11. a4 a6 12. Qe2 c4 13. Bc2 f5 14. Ne5 g5 15. Bh2 Nxe5
16. Bxe5 Bf6 17. Bxe4 Bxe5 18. Bxf5 Rxf5 19. dxe5 Rxe5 20. Qg4 Qf6 21. f4 Rf5
22. Nf3 h6 23. Nd4 Kh8 24. Nxf5 exf5 25. fxg5 hxg5 26. Qh5+ Kg7 27. Rf1 Rh8 28.
Qf3 Rf8 29. Rf2 Qe5 30. Raf1 Rf7 31. Kh1 Kg6 32. Qe2 Bc6 33. Qc2 Bd7 34. Qd2
Rh7 35. Qd4 Qxd4 36. exd4 f4 37. Re2 Bf5 38. Re5 Be4 39. Kg1 Kf6 40. Re8 Rb7
41. h4 Rg7 42. Rf2 b5 43. Re5 bxa4 44. hxg5+ Rxg5 45. Rxf4+ Bf5 46. g4 Rxg4+
47. Rxg4 Bxg4 48. Rxd5 Bd1 49. Ra5 Ke6 50. Kf2 Kd6 51. Ke3 Kc6 52. Rc5+ Kd6 53.
Rxc4 Bb3 54. Rb4 Kc6 55. Rb8 Kd5 56. Rd8+ Kc4 57. Rc8+ Kd5 58. Rc5+ Kd6 59. Kd3
Bf7 60. Ra5 Bg6+ 61. Kd2 Be8 62. Rxa6+ Kd5 63. Ra5+ Kc4 64. Ra8 Bd7 65. Ra7 Be8
66. Rb7 Kd5 67. Rb4 Bd7 68. Kc2 Bf5+ 69. Kc1 Bd7 70. Kb1 Ke4 71. Ka2 Kd3 72.
Ka3 1-0

[Event "World Women-ch k.o."]
[Site "Teheran"]
[Date "2017.02.11"]
[Round "1.1"]
[White "Kosteniuk, Alexandra"]
[Black "Latreche, Sabrina"]
[Result "1-0"]
[WhiteElo "2549"]
[BlackElo "2057"]
[PlyCount "57"]
[EventDate "2017.02.11"]
[EventType "k.o."]
[EventRounds "7"]
[EventCountry "IRI"]
[SourceTitle "CBM 177"]
[Source "ChessBase"]
[SourceDate "2017.03.16"]
[SourceVersion "1"]
[SourceVersionDate "2017.03.16"]
[SourceQuality "1"]

1. e4 e5 2. Nf3 Nc6 3. Bb5 a6 4. Ba4 Nf6 5. d3 Bc5 6. O-O b5 7. Bb3 d6 8. a4
Bg4 9. c3 O-O 10. Qe2 b4 11. a5 bxc3 12. bxc3 Rb8 13. Nbd2 Nh5 14. g3 Qf6 15.
Kg2 Bxf3+ 16. Qxf3 Qxf3+ 17. Kxf3 Rb5 18. Ba4 Na7 19. Bxb5 Nxb5 20. Bb2 f5 21.
exf5 Rxf5+ 22. Kg2 Nf6 23. Rab1 d5 24. c4 dxc4 25. Nxc4 Ng4 26. h3 Nh6 27. Nxe5
Nf7 28. f4 Nfd6 29. g4 1-0

[Event "World Women-ch k.o."]
[Site "Teheran"]
[Date "2017.02.12"]
[Round "1.2"]
[White "Latreche, Sabrina"]
[Black "Kosteniuk, Alexandra"]
[Result "0-1"]
[WhiteElo "2057"]
[BlackElo "2549"]
[PlyCount "52"]
[EventDate "2017.02.11"]
[EventType "k.o."]
[EventRounds "7"]
[EventCountry "IRI"]
[SourceTitle "CBM 177"]
[Source "ChessBase"]
[SourceDate "2017.03.16"]
[SourceVersion "1"]
[SourceVersionDate "2017.03.16"]
[SourceQuality "1"]

1. e4 c5 2. Nc3 e6 3. d3 Nc6 4. f4 d5 5. Nf3 Nf6 6. e5 Nd7 7. Be2 Be7 8. O-O
O-O 9. Qe1 f6 10. exf6 Bxf6 11. f5 Nde5 12. fxe6 Bxe6 13. Bd1 Nxf3+ 14. Bxf3
Be5 15. Ne2 Qd6 16. g3 Rae8 17. c3 d4 18. Be4 Rxf1+ 19. Qxf1 dxc3 20. bxc3 Bd5
21. Nf4 Bxe4 22. dxe4 Kh8 23. Qe1 Nd4 24. Qd1 Nb5 25. Nd5 Nxc3 26. Nxc3 Qxd1+
0-1

[Event "World Women-ch k.o."]
[Site "Teheran"]
[Date "2017.02.14"]
[Round "2.1"]
[White "Gaponenko, Inna"]
[Black "Kosteniuk, Alexandra"]
[Result "1/2-1/2"]
[WhiteElo "2407"]
[BlackElo "2549"]
[PlyCount "72"]
[EventDate "2017.02.11"]
[EventType "k.o."]
[EventRounds "7"]
[EventCountry "IRI"]
[SourceTitle "CBM 177"]
[Source "ChessBase"]
[SourceDate "2017.03.16"]
[SourceVersion "1"]
[SourceVersionDate "2017.03.16"]
[SourceQuality "1"]

1. e4 e5 2. Nf3 Nf6 3. Nxe5 d6 4. Nf3 Nxe4 5. Qe2 Qe7 6. d3 Nf6 7. Bg5 Qxe2+ 8.
Bxe2 Be7 9. Nc3 h6 10. Bd2 Nc6 11. Nb5 Bd8 12. O-O-O O-O 13. Rde1 Bd7 14. h3
Ne7 15. Nc3 b5 16. g4 b4 17. Ne4 Nfd5 18. Nh4 Rb8 19. Ng3 Ng6 20. Nhf5 Nh4 21.
Nxh4 Bxh4 22. Bf3 Bxg3 23. fxg3 Be6 24. Rh2 Rb5 25. Bxd5 Bxd5 26. b3 Be6 27.
Kb2 a5 28. a3 Ra8 29. Ra1 Bd5 30. Re2 Kf8 31. Rf2 Bb7 32. axb4 axb4 33. Rxa8+
Bxa8 34. h4 Ke7 35. g5 hxg5 36. Bxg5+ f6 1/2-1/2

[Event "World Women-ch k.o."]
[Site "Teheran"]
[Date "2017.02.15"]
[Round "2.2"]
[White "Kosteniuk, Alexandra"]
[Black "Gaponenko, Inna"]
[Result "1/2-1/2"]
[WhiteElo "2549"]
[BlackElo "2407"]
[PlyCount "112"]
[EventDate "2017.02.11"]
[EventType "k.o."]
[EventRounds "7"]
[EventCountry "IRI"]
[SourceTitle "CBM 177"]
[Source "ChessBase"]
[SourceDate "2017.03.16"]
[SourceVersion "1"]
[SourceVersionDate "2017.03.16"]
[SourceQuality "1"]

1. e4 c5 2. Nf3 Nc6 3. d4 cxd4 4. Nxd4 g6 5. c4 Bg7 6. Nc2 d6 7. Be2 Nf6 8. Nc3
Nd7 9. Bd2 O-O 10. O-O Nc5 11. f3 a5 12. Be3 Be6 13. Rb1 f5 14. exf5 Bxf5 15.
Ra1 Qb6 16. Nb5 a4 17. Ncd4 Nxd4 18. Bxd4 Bd7 19. Bxg7 Kxg7 20. Qd4+ Rf6 21.
Rac1 e5 22. Qf2 Bxb5 23. cxb5 Nd7 24. Rfd1 Qxf2+ 25. Kxf2 Nc5 26. b6 e4 27. Rd4
exf3 28. gxf3 Raf8 29. Rcd1 Rd8 30. Kf1 Kf8 31. Kg2 Ke7 32. Bc4 d5 33. Rxd5
Rxd5 34. Rxd5 Nd7 35. Bb5 Nxb6 36. Rd4 Rd6 37. Re4+ Kf6 38. Rf4+ Ke7 39. Re4+
Kf6 40. Rf4+ Kg7 41. Be8 Rd2+ 42. Kg3 Rxb2 43. Rf7+ Kh6 44. Rxb7 Nc4 45. Rxb2
Nxb2 46. Kf4 a3 47. Ke3 Kg5 48. Bb5 Kf5 49. Kd4 Kf4 50. Bc6 g5 51. Kc3 h5 52.
Be8 Kxf3 53. Bxh5+ Kg2 54. Be2 Kxh2 55. Kb3 g4 56. Bxg4 Nd3 1/2-1/2

[Event "World Women-ch k.o."]
[Site "Teheran"]
[Date "2017.02.16"]
[Round "2.3"]
[White "Gaponenko, Inna"]
[Black "Kosteniuk, Alexandra"]
[Result "1/2-1/2"]
[WhiteElo "2407"]
[BlackElo "2549"]
[PlyCount "116"]
[EventDate "2017.02.11"]
[EventType "k.o."]
[EventRounds "7"]
[EventCountry "IRI"]
[SourceTitle "CBM 177"]
[Source "ChessBase"]
[SourceDate "2017.03.16"]
[SourceVersion "1"]
[SourceVersionDate "2017.03.16"]
[SourceQuality "1"]

1. e4 e5 2. Nf3 Nf6 3. Nxe5 d6 4. Nf3 Nxe4 5. c4 Nc6 6. d4 d5 7. a3 Bg4 8. Be3
Be7 9. h3 Bf5 10. Be2 O-O 11. O-O dxc4 12. Bxc4 Bf6 13. Nc3 Nxc3 14. bxc3 Na5
15. Be2 c5 16. dxc5 Bxc3 17. Ra2 Nc6 18. Qa4 Qc8 19. Rc1 Bf6 20. Rd2 Re8 21.
Bb5 Be4 22. Ng5 Bxg5 23. Bxg5 Qf5 24. Be3 Qg6 25. Bf1 Ne5 26. Kh2 Qf5 27. Rd4
Bc6 28. Qd1 h6 29. Rd6 Ng6 30. Qd4 Re4 31. Qc3 Qe5+ 32. Qxe5 Nxe5 33. Rcd1 f5
34. Bd3 Nxd3 35. R1xd3 Rae8 36. R3d4 Rxd4 37. Rxd4 Kf7 38. g4 fxg4 39. hxg4 Kg6
40. Kg3 Kf7 41. Rd6 Re4 42. Rd4 Re5 43. Rd6 Re4 44. Rd4 Re8 45. Rd6 a5 46. Rd4
a4 47. Rd6 Ra8 48. Rd4 Rh8 49. Rf4+ Ke6 50. Rd4 h5 51. g5 Kf5 52. Rd6 h4+ 53.
Kh3 Bb5 54. Rd4 Bf1+ 55. Kh2 Bb5 56. Kh3 Bf1+ 57. Kh2 Bb5 58. Kh3 Ke5 1/2-1/2

[Event "World Women-ch k.o."]
[Site "Teheran"]
[Date "2017.02.16"]
[Round "2.4"]
[White "Kosteniuk, Alexandra"]
[Black "Gaponenko, Inna"]
[Result "1-0"]
[WhiteElo "2549"]
[BlackElo "2407"]
[PlyCount "79"]
[EventDate "2017.02.11"]
[EventType "k.o."]
[EventRounds "7"]
[EventCountry "IRI"]
[SourceTitle "CBM 177"]
[Source "ChessBase"]
[SourceDate "2017.03.16"]
[SourceVersion "1"]
[SourceVersionDate "2017.03.16"]
[SourceQuality "1"]

1. e4 c5 2. Nf3 Nc6 3. d4 cxd4 4. Nxd4 g6 5. c4 Bg7 6. Nc2 d6 7. Be2 f5 8. exf5
Bxf5 9. O-O Nh6 10. Nc3 O-O 11. Bg5 Bxc2 12. Qxc2 Nf5 13. Qe4 Qb6 14. Rab1 Kh8
15. Nd5 Qd4 16. Qc2 Qe5 17. Qd2 Qd4 18. Qc1 Rac8 19. Bd2 Qh4 20. Bf4 e6 21. Nc3
Qe7 22. Re1 Ne5 23. b3 Qf7 24. Ne4 d5 25. Ng5 Qf6 26. Bxe5 Qxe5 27. Bf3 Qc3 28.
Nxe6 dxc4 29. Nxf8 Rxf8 30. Qxc3 Bxc3 31. Rec1 Be5 32. Rxc4 b6 33. Rd1 Rf7 34.
Re4 Bf6 35. Bg4 Kg7 36. Bxf5 gxf5 37. Rc4 Re7 38. Kf1 Kf7 39. Rdc1 Kg6 40. Rc7
1-0

[Event "World Women-ch k.o."]
[Site "Teheran"]
[Date "2017.02.17"]
[Round "3.1"]
[White "Kosteniuk, Alexandra"]
[Black "Cramling, Pia"]
[Result "1/2-1/2"]
[WhiteElo "2549"]
[BlackElo "2434"]
[PlyCount "68"]
[EventDate "2017.02.11"]
[EventType "k.o."]
[EventRounds "7"]
[EventCountry "IRI"]
[SourceTitle "CBM 177"]
[Source "ChessBase"]
[SourceDate "2017.03.16"]
[SourceVersion "1"]
[SourceVersionDate "2017.03.16"]
[SourceQuality "1"]

1. e4 c5 2. Nf3 d6 3. d4 cxd4 4. Nxd4 Nf6 5. Nc3 Bd7 6. Bg5 e6 7. Ndb5 Bxb5 8.
Bxb5+ Nc6 9. Qf3 Be7 10. O-O-O O-O 11. Bf4 Qc7 12. Be2 a6 13. Qg3 Rfd8 14. Bh6
Ne8 15. h4 Kh8 16. Bg5 b5 17. Kb1 Rdc8 18. Bxe7 Qxe7 19. f4 Qc7 20. Qe3 Rab8
21. Bd3 Nb4 22. Qd2 Qa5 23. Be2 Nxc2 24. Qxc2 b4 25. Qa4 Qb6 26. Nd5 exd5 27.
exd5 Nf6 28. Qxa6 Qe3 29. Bf3 Qxf4 30. Qd3 Re8 31. Qd2 Qf5+ 32. Qd3 Qf4 33. Qd2
Qf5+ 34. Qd3 Qf4 1/2-1/2

[Event "World Women-ch k.o."]
[Site "Teheran"]
[Date "2017.02.18"]
[Round "3.2"]
[White "Cramling, Pia"]
[Black "Kosteniuk, Alexandra"]
[Result "1/2-1/2"]
[WhiteElo "2434"]
[BlackElo "2549"]
[PlyCount "57"]
[EventDate "2017.02.11"]
[EventType "k.o."]
[EventRounds "7"]
[EventCountry "IRI"]
[SourceTitle "CBM 177"]
[Source "ChessBase"]
[SourceDate "2017.03.16"]
[SourceVersion "1"]
[SourceVersionDate "2017.03.16"]
[SourceQuality "1"]

1. d4 Nf6 2. c4 e6 3. Nc3 Bb4 4. e3 O-O 5. Bd3 d5 6. Nf3 dxc4 7. Bxc4 c5 8. O-O
Nc6 9. Bd3 Qe7 10. Ne4 cxd4 11. exd4 h6 12. Qe2 Rd8 13. Be3 e5 14. dxe5 Nxe5
15. Nxe5 Qxe5 16. Nxf6+ Qxf6 17. Rfd1 Bf5 18. Bxf5 Qxf5 19. a3 Bd6 20. g3 b6
21. Bd4 Rac8 22. Bc3 Bc5 23. Rxd8+ Rxd8 24. b4 Qd3 25. Qxd3 Rxd3 26. bxc5 Rxc3
27. cxb6 axb6 28. Rb1 Rxa3 29. Rxb6 1/2-1/2

[Event "World Women-ch k.o."]
[Site "Teheran"]
[Date "2017.02.19"]
[Round "3.3"]
[White "Cramling, Pia"]
[Black "Kosteniuk, Alexandra"]
[Result "1/2-1/2"]
[WhiteElo "2434"]
[BlackElo "2549"]
[PlyCount "93"]
[EventDate "2017.02.11"]
[EventType "k.o."]
[EventRounds "7"]
[EventCountry "IRI"]
[SourceTitle "CBM 177"]
[Source "ChessBase"]
[SourceDate "2017.03.16"]
[SourceVersion "1"]
[SourceVersionDate "2017.03.16"]
[SourceQuality "1"]

1. d4 Nf6 2. c4 e6 3. Nc3 Bb4 4. e3 d5 5. Nf3 O-O 6. Bd2 b6 7. cxd5 exd5 8. Bd3
Bb7 9. O-O Nbd7 10. Rc1 a6 11. Ne5 c5 12. f4 b5 13. Qf3 Bxc3 14. Bxc3 c4 15.
Bb1 a5 16. Qh3 Bc8 17. Qf3 Bb7 18. Qh3 Bc8 19. Qh4 Nxe5 20. dxe5 Ne4 21. Qxd8
Rxd8 22. Bxe4 dxe4 23. Bd4 g6 24. a4 b4 25. Rf2 Be6 26. g4 Bxg4 27. Rxc4 Be6
28. Rc7 h5 29. h4 Bd7 30. Kh2 Be6 31. Kg3 Rdc8 32. Rfc2 Bd7 33. f5 Bxf5 34. Kf4
Be6 35. Kg5 Re8 36. R2c6 Rad8 37. Rd6 Rc8 38. Rdc6 Rxc7 39. Rxc7 Kg7 40. Bb6
Bb3 41. Rc5 Bxa4 42. Bxa5 Rxe5+ 43. Rxe5 f6+ 44. Kf4 fxe5+ 45. Kxe5 b3 46. Kxe4
Kf7 47. Kf4 1/2-1/2

[Event "World Women-ch k.o."]
[Site "Teheran"]
[Date "2017.02.19"]
[Round "3.4"]
[White "Kosteniuk, Alexandra"]
[Black "Cramling, Pia"]
[Result "1/2-1/2"]
[WhiteElo "2549"]
[BlackElo "2434"]
[PlyCount "139"]
[EventDate "2017.02.11"]
[EventType "k.o."]
[EventRounds "7"]
[EventCountry "IRI"]
[SourceTitle "CBM 177"]
[Source "ChessBase"]
[SourceDate "2017.03.16"]
[SourceVersion "1"]
[SourceVersionDate "2017.03.16"]
[SourceQuality "1"]

1. e4 c5 2. Nf3 e6 3. d4 cxd4 4. Nxd4 Nc6 5. Nc3 d6 6. Be3 Nf6 7. f4 Bd7 8. Qf3
Nxd4 9. Bxd4 Qa5 10. Bxf6 gxf6 11. O-O-O O-O-O 12. f5 h5 13. Kb1 Be7 14. Bc4
Kb8 15. Rhe1 Bc8 16. Bb3 Rdg8 17. Ne2 Qe5 18. Nf4 h4 19. Rf1 Bd8 20. Rde1 Rg5
21. Qh3 exf5 22. exf5 Qxf5 23. Qxf5 Bxf5 24. Bxf7 Bb6 25. Rd1 Rc8 26. Bb3 Be4
27. Rxd6 f5 28. Rd2 Rg7 29. a3 Rc6 30. Ne6 Rg6 31. Nf8 Rxg2 32. Rxg2 Bxg2 33.
Rxf5 Rd6 34. Ne6 a6 35. Nf4 Be4 36. Rh5 Rd1+ 37. Ka2 Bd8 38. Ne6 Bf6 39. Nc5
Bc6 40. Rh7 Rd2 41. h3 Ka7 42. Rf7 Be5 43. Nd3 Bg3 44. Be6 Re2 45. Bb3 Rh2 46.
Be6 Re2 47. Bb3 Bh1 48. a4 Bc6 49. a5 Rh2 50. Nb4 Bh1 51. Be6 Bd6 52. c3 Re2
53. Bd5 Bxd5+ 54. Nxd5 Re5 55. c4 Re4 56. Nb6 Bc5 57. Rf6 Rd4 58. Rh6 Bb4 59.
Rh8 Bxa5 60. Nc8+ Kb8 61. Nd6+ Kc7 62. c5 Bb4 63. Rh7+ Kc6 64. Nxb7 Bxc5 65.
Na5+ Kb5 66. Nb3 Ra4+ 67. Kb1 Bb6 68. Rh5+ Kc6 69. Nd2 Rf4 70. Kc2 1/2-1/2

[Event "World Women-ch k.o."]
[Site "Teheran"]
[Date "2017.02.19"]
[Round "3.5"]
[White "Cramling, Pia"]
[Black "Kosteniuk, Alexandra"]
[Result "0-1"]
[WhiteElo "2434"]
[BlackElo "2549"]
[PlyCount "108"]
[EventDate "2017.02.11"]
[EventType "k.o."]
[EventRounds "7"]
[EventCountry "IRI"]
[SourceTitle "CBM 177"]
[Source "ChessBase"]
[SourceDate "2017.03.16"]
[SourceVersion "1"]
[SourceVersionDate "2017.03.16"]
[SourceQuality "1"]

1. Nf3 Nf6 2. c4 c5 3. Nc3 Nc6 4. d4 cxd4 5. Nxd4 Qb6 6. Nb3 e6 7. a3 d5 8. e3
dxc4 9. Bxc4 Be7 10. O-O O-O 11. e4 Rd8 12. Qc2 a6 13. Be3 Qc7 14. Be2 Ne5 15.
h3 b5 16. Rac1 Nc4 17. Bxc4 bxc4 18. Nd2 Bd7 19. Na4 Rab8 20. Nxc4 Qb7 21. f3
Qb5 22. Nab6 Be8 23. b4 Qh5 24. Na5 Bd6 25. Qf2 Qe5 26. g4 Qb5 27. Rfd1 Be7 28.
Nac4 Rxd1+ 29. Rxd1 Nd7 30. a4 Qxb4 31. Nxd7 Qxa4 32. Qe1 Bxd7 33. Nb6 Rxb6 34.
Bxb6 Bb5 35. Be3 h6 36. Rc1 Qa2 37. Qd2 Qb3 38. Qc3 Qa2 39. Qc8+ Kh7 40. Qc2
Qa3 41. Qc3 Qa2 42. Qd2 Qa3 43. Kg2 Bf6 44. Rc2 Qb3 45. Rc7 Qb1 46. Qc1 Qd3 47.
Qd2 Qf1+ 48. Kh2 Be5+ 49. Bf4 Bxc7 50. Bxc7 Qxf3 51. Qe1 Bc6 52. Bb6 Bxe4 53.
Qg1 e5 54. Be3 a5 0-1

[Event "World Women-ch k.o."]
[Site "Teheran"]
[Date "2017.02.19"]
[Round "3.6"]
[White "Kosteniuk, Alexandra"]
[Black "Cramling, Pia"]
[Result "1-0"]
[WhiteElo "2549"]
[BlackElo "2434"]
[PlyCount "61"]
[EventDate "2017.02.11"]
[EventType "k.o."]
[EventRounds "7"]
[EventCountry "IRI"]
[SourceTitle "CBM 177"]
[Source "ChessBase"]
[SourceDate "2017.03.16"]
[SourceVersion "1"]
[SourceVersionDate "2017.03.16"]
[SourceQuality "1"]

1. e4 c5 2. Nf3 a6 3. Be2 Nf6 4. e5 Nd5 5. d4 cxd4 6. c4 Nc7 7. Qxd4 Nc6 8. Qe4
d5 9. exd6 Qxd6 10. O-O e5 11. Rd1 Qg6 12. Qe3 f6 13. Nc3 Qf7 14. a3 Be7 15.
Nd5 Ne6 16. b4 O-O 17. Bb2 Re8 18. Nb6 Rb8 19. Nd5 Bf8 20. Bd3 Ned4 21. Nxd4
exd4 22. Qg3 b5 23. Qh4 f5 24. Bxd4 Be6 25. Bb2 Rbd8 26. cxb5 axb5 27. Nf4 Bb3
28. Re1 Rxe1+ 29. Rxe1 Bc4 30. Bb1 Nd4 31. Qxd8 1-0

[Event "World Women-ch k.o."]
[Site "Teheran"]
[Date "2017.02.20"]
[Round "4.1"]
[White "Ni, Shiqun"]
[Black "Kosteniuk, Alexandra"]
[Result "1/2-1/2"]
[WhiteElo "2399"]
[BlackElo "2549"]
[PlyCount "81"]
[EventDate "2017.02.11"]
[EventType "k.o."]
[EventRounds "7"]
[EventCountry "IRI"]
[SourceTitle "CBM 177"]
[Source "ChessBase"]
[SourceDate "2017.03.16"]
[SourceVersion "1"]
[SourceVersionDate "2017.03.16"]
[SourceQuality "1"]

1. e4 c5 2. Nf3 Nc6 3. Bb5 g6 4. O-O Bg7 5. Re1 Nf6 6. Nc3 O-O 7. e5 Ne8 8.
Bxc6 dxc6 9. d3 Nc7 10. Ne4 Ne6 11. Be3 b6 12. Qd2 Re8 13. Re2 Nd4 14. Nxd4
cxd4 15. Bf4 Qd5 16. Ng3 c5 17. b3 Bb7 18. f3 b5 19. Rae1 a5 20. Bh6 Bh8 21.
Qf4 Qe6 22. h4 a4 23. h5 axb3 24. axb3 c4 25. bxc4 bxc4 26. dxc4 Rac8 27. hxg6
hxg6 28. Qxd4 Rxc4 29. Qf2 Rec8 30. Nf1 Ba6 31. Rd2 R4c5 32. f4 Bxf1 33. Rxf1
Qf5 34. Rfd1 Rxc2 35. Rd8+ Rxd8 36. Rxd8+ Kh7 37. Qh4 Qh5 38. Bg5 f6 39. exf6
Qxh4 40. Bxh4 Bxf6 41. Bxf6 1/2-1/2

[Event "World Women-ch k.o."]
[Site "Teheran"]
[Date "2017.02.21"]
[Round "4.2"]
[White "Kosteniuk, Alexandra"]
[Black "Ni, Shiqun"]
[Result "1-0"]
[WhiteElo "2549"]
[BlackElo "2399"]
[PlyCount "153"]
[EventDate "2017.02.11"]
[EventType "k.o."]
[EventRounds "7"]
[EventCountry "IRI"]
[SourceTitle "CBM 177"]
[Source "ChessBase"]
[SourceDate "2017.03.16"]
[SourceVersion "1"]
[SourceVersionDate "2017.03.16"]
[SourceQuality "1"]

1. e4 e5 2. Nf3 Nf6 3. Nc3 Bb4 4. Nxe5 O-O 5. Be2 Re8 6. Nd3 Bxc3 7. dxc3 Nxe4
8. O-O d6 9. Re1 Nd7 10. Bf3 Ndf6 11. c4 h6 12. b3 Bf5 13. Bb2 Rb8 14. h4 Qd7
15. Qc1 Bh7 16. Qf4 b6 17. Nb4 a5 18. Nd5 Nxd5 19. cxd5 Qf5 20. Qxf5 Bxf5 21.
Re2 Nc5 22. Rae1 Rxe2 23. Rxe2 Kf8 24. a3 Bd7 25. b4 axb4 26. axb4 Na6 27. c3
Re8 28. Rxe8+ Bxe8 29. Be2 Nb8 30. g4 g5 31. Kg2 f6 32. Kg3 Bg6 33. f4 Be4 34.
hxg5 hxg5 35. fxg5 fxg5 36. Bc1 Bxd5 37. Bxg5 Nc6 38. Kf4 Kf7 39. Bh4 Bh1 40.
b5 Na7 41. Bc4+ d5 42. Bd3 c6 43. bxc6 Nxc6 44. Bf2 Na5 45. Bxb6 Nc4 46. Bd4
Nd6 47. Bh7 Bg2 48. Be5 Nc8 49. Bd3 Ne7 50. Bd4 Ng6+ 51. Kg5 Ne7 52. Bc5 Nc6
53. Kf4 Nd8 54. Be3 Nc6 55. g5 Ne7 56. Ke5 Ng6+ 57. Kd6 Ne7 58. Bc2 Nc8+ 59.
Ke5 Ne7 60. Bc1 Nc6+ 61. Kd6 Ne7 62. Bb3 Nf5+ 63. Ke5 Ne7 64. Bd1 Ng6+ 65. Kd6
Be4 66. Bg4 Nf8 67. Bh5+ Ng6 68. Be3 Kg7 69. Bd4+ Kf7 70. Bf6 Bg2 71. Bg4 Kf8
72. Be5 Ne7 73. Ke6 Ng6 74. Kf6 Be4 75. Be6 Nh4 76. Bf7 Nf5 77. g6 1-0

[Event "World Women-ch k.o."]
[Site "Teheran"]
[Date "2017.02.23"]
[Round "5.1"]
[White "Kosteniuk, Alexandra"]
[Black "Muzychuk, Anna"]
[Result "0-1"]
[WhiteElo "2549"]
[BlackElo "2558"]
[PlyCount "128"]
[EventDate "2017.02.11"]
[EventType "k.o."]
[EventRounds "7"]
[EventCountry "IRI"]
[SourceTitle "CBM 177"]
[Source "ChessBase"]
[SourceDate "2017.03.16"]
[SourceVersion "1"]
[SourceVersionDate "2017.03.16"]
[SourceQuality "1"]

1. e4 e6 2. d4 d5 3. Nd2 c5 4. exd5 Qxd5 5. dxc5 Nf6 6. Ngf3 Bxc5 7. Bc4 Qc6 8.
Qe2 O-O 9. Nb3 Bd6 10. Nbd4 Qc7 11. Nb5 Qa5+ 12. Bd2 Bb4 13. c3 Be7 14. Bf4 a6
15. b4 Qa4 16. Nc7 Ra7 17. Nd4 Nc6 18. Nc2 Nb8 19. Nxa6 bxa6 20. Bxb8 Ra8 21.
Be5 Bb7 22. Nd4 Bd5 23. Bb3 Bxb3 24. Nxb3 Rfc8 25. O-O Qb5 26. Qe1 Rc4 27. Nd2
Rc6 28. a4 Qd3 29. Nf3 Rac8 30. Bd4 Nd7 31. Rd1 Qf5 32. Qe2 Rc4 33. Kh1 R4c6
34. Rd3 g6 35. Rfd1 R6c7 36. h3 h5 37. Re3 Bf6 38. Bxf6 Nxf6 39. Nd4 Qg5 40.
Rg3 Qh4 41. Nxe6 Rxc3 42. Rxc3 Rxc3 43. Nd4 Rc8 44. Nf3 Qxb4 45. Qxa6 Qc3 46.
Qb7 Re8 47. Kg1 Qc2 48. Ra1 Qc3 49. Rb1 Kg7 50. g3 Qa5 51. Rb4 Rd8 52. Qb5 Qa8
53. Qe2 Re8 54. Qd1 Ne4 55. Qd4+ Kg8 56. Ne5 Ng5 57. Rb3 Nxh3+ 58. Kh2 Nxf2 59.
Qxf2 Rxe5 60. Qb2 Qxa4 61. Rf3 Qb5 62. Qc3 Re2+ 63. Kg1 Qb1+ 64. Rf1 Qb6+ 0-1

[Event "SUI-chT"]
[Site "Switzerland"]
[Date "2017.05.14"]
[Round "4.3"]
[White "Kosteniuk, Alexandra"]
[Black "Terraz, Christian"]
[Result "1-0"]
[WhiteElo "2555"]
[BlackElo "2113"]
[PlyCount "73"]
[EventDate "2017.03.19"]
[EventType "team-swiss"]
[EventRounds "9"]
[EventCountry "SUI"]
[SourceTitle "EXT 2018"]
[Source "ChessBase"]
[SourceDate "2017.10.13"]
[SourceVersion "1"]
[SourceVersionDate "2017.10.13"]
[SourceQuality "1"]
[WhiteTeam "Zuerich"]
[BlackTeam "Neuchatel"]
[WhiteTeamCountry "SUI"]
[BlackTeamCountry "SUI"]

1. d4 Nf6 2. c4 g6 3. Nc3 Bg7 4. e4 d6 5. Nf3 O-O 6. Be2 e5 7. O-O exd4 8. Nxd4
Re8 9. f3 Nc6 10. Nc2 Nh5 11. g4 Be5 12. Rf2 Nf4 13. Bf1 Be6 14. Nd5 Bxd5 15.
cxd5 Nb8 16. Nd4 c6 17. Be3 cxd5 18. Qd2 Qf6 19. exd5 Nd7 20. Nb5 Nb6 21. Nc3
g5 22. Rd1 Rac8 23. Ne4 Qd8 24. Qa5 Nc4 25. Qxd8 Rexd8 26. Bxa7 b6 27. Nxg5 Ne3
28. Rdd2 Rc1 29. Bxb6 Nxf1 30. Rxf1 Rxf1+ 31. Kxf1 Rb8 32. Bd4 Nxd5 33. Bxe5
Ne3+ 34. Ke2 Nc4 35. Bxd6 Re8+ 36. Ne4 Nxd2 37. Kxd2 1-0

[Event "SUI-chT"]
[Site "Switzerland"]
[Date "2017.10.14"]
[Round "8.3"]
[White "Renet, Olivier"]
[Black "Kosteniuk, Alexandra"]
[Result "0-1"]
[WhiteElo "2520"]
[BlackElo "2555"]
[PlyCount "78"]
[EventDate "2017.03.19"]
[EventType "team-swiss"]
[EventRounds "9"]
[EventCountry "SUI"]
[SourceTitle "EXT 2019"]
[Source "ChessBase"]
[SourceDate "2018.10.10"]
[SourceVersion "1"]
[SourceVersionDate "2018.10.10"]
[SourceQuality "1"]
[WhiteTeam "Riehen"]
[BlackTeam "Zuerich"]
[WhiteTeamCountry "SUI"]
[BlackTeamCountry "SUI"]

1. e4 e5 2. Nf3 Nf6 3. Nxe5 d6 4. Nf3 Nxe4 5. d4 d5 6. Bd3 Bd6 7. O-O O-O 8. c4
c6 9. Re1 Bf5 10. Qc2 Na6 11. a3 Bg6 12. c5 Bb8 13. Nc3 f5 14. Qb3 Qe7 15. g3
Kh8 16. Nh4 Bh5 17. f3 Nexc5 18. Qd1 Ne4 19. Qc2 f4 20. Bxf4 Bxf4 21. fxe4 Qg5
22. Ng2 Bd2 23. Rf1 Be3+ 24. Kh1 Bxd4 25. exd5 cxd5 26. Nf4 Qh6 27. Ncxd5 Bf7
28. Be4 Rae8 29. Rad1 Be5 30. Qg2 Nc5 31. Bf3 g5 32. Nd3 Nxd3 33. Rxd3 Be6 34.
g4 Bxg4 35. Qg1 Qh3 36. Qg2 Qh4 37. Qg1 Bxf3+ 38. Rdxf3 Rxf3 39. Rxf3 Bxh2 0-1